<?xml version="1.0" encoding="UTF-8"?>
<record
    xmlns:xsi="http://www.w3.org/2001/XMLSchema-instance"
    xsi:schemaLocation="http://www.loc.gov/MARC21/slim http://www.loc.gov/standards/marcxml/schema/MARC21slim.xsd"
    xmlns="http://www.loc.gov/MARC21/slim">

  <leader>01315nam a22002057a 4500</leader>
  <controlfield tag="003">KOHA_M&#x130;RAKIL</controlfield>
  <controlfield tag="005">20260415074055.0</controlfield>
  <controlfield tag="008">260414b        tu ||||| |||| 00| 0 tur d</controlfield>
  <datafield tag="040" ind1=" " ind2=" ">
    <subfield code="a">TR-AnABB</subfield>
    <subfield code="b">tur</subfield>
    <subfield code="c">TR-AnABB</subfield>
  </datafield>
  <datafield tag="041" ind1=" " ind2=" ">
    <subfield code="a">tur</subfield>
  </datafield>
  <datafield tag="082" ind1=" " ind2=" ">
    <subfield code="a">321.8</subfield>
    <subfield code="b">ESE 1976</subfield>
  </datafield>
  <datafield tag="100" ind1="1" ind2=" ">
    <subfield code="a">Esengil, Kenan /</subfield>
  </datafield>
  <datafield tag="245" ind1="1" ind2="0">
    <subfield code="a">K&#xFC;rt&#xE7;&#xFC;l&#xFC;k sorunu /</subfield>
    <subfield code="c">Kenan Esengil</subfield>
  </datafield>
  <datafield tag="260" ind1=" " ind2=" ">
    <subfield code="a">&#x130;stanbul :</subfield>
    <subfield code="b">Su yay&#x131;nlar&#x131;,</subfield>
    <subfield code="c">1976</subfield>
  </datafield>
  <datafield tag="300" ind1=" " ind2=" ">
    <subfield code="a">165 sayfa ;</subfield>
    <subfield code="c">20 cm</subfield>
  </datafield>
  <datafield tag="505" ind1=" " ind2=" ">
    <subfield code="a">&#x130;&#xE7;indekiler: Tarihi olu&#x15F;um - K&#xFC;rtlerin men&#x15F;ei - &#x15E;erefname ne diyor - Belgeli yarg&#x131;lar - Eski &#xE7;a&#x11F;dan bug&#xFC;ne geli&#x15F; - Baba K&#xFC;rdiler, Zazalar ve Korman&#xE7;alar - Osmanl&#x131;lar&#x131;n Anadolu birli&#x11F;ini kurmalar&#x131; - Bug&#xFC;nk&#xFC; K&#xFC;rt ve Zaza dili - Do&#x11F;udaki Alevi ve Bekta&#x15F;iler - Korman&#xE7;a ve Zazaca konu&#x15F;an Aleviler - Alevi T&#xFC;rklerin K&#xFC;rtle&#x15F;mesi - Sel&#xE7;ukiler ve &#x130;lhaniler d&#xF6;nemi - Osmanl&#x131;lar ve Akkoyunlular &#xE7;a&#x11F;&#x131; - Hamidiye A&#x15F;iret Alaylar&#x131; - 1908-1918 d&#xF6;nemi - Kurtulu&#x15F; Sava&#x15F;&#x131; D&#xF6;nemi - Ko&#xE7;giri Ayaklanmas&#x131; - Cumhuriyet d&#xF6;nemi - &#x15E;eyh Sait Ayaklanmas&#x131; - Ayaklanma nas&#x131;l haz&#x131;rland&#x131; - &#x15E;eyh Sait Ayaklanmas&#x131;n&#x131;n sonucu - Dersim T&#xFC;rkleri - Dersimin co&#x11F;rafi yeri - Dersimin soy durumu -Dersim Zazalar&#x131; - D&#xFC;n, bug&#xFC;n ve yar&#x131;n </subfield>
  </datafield>
  <datafield tag="650" ind1="0" ind2="4">
    <subfield code="a">Demokrasi, Tarih ve Kuram</subfield>
  </datafield>
  <datafield tag="900" ind1=" " ind2=" ">
    <subfield code="b">Can &#xC7;ELIK</subfield>
  </datafield>
  <datafield tag="942" ind1=" " ind2=" ">
    <subfield code="2">ddc</subfield>
    <subfield code="c">BK</subfield>
  </datafield>
  <datafield tag="952" ind1=" " ind2=" ">
    <subfield code="0">0</subfield>
    <subfield code="1">0</subfield>
    <subfield code="2">ddc</subfield>
    <subfield code="7">0</subfield>
    <subfield code="a">RUK</subfield>
    <subfield code="b">RUK</subfield>
    <subfield code="d">2026-04-14</subfield>
    <subfield code="l">0</subfield>
    <subfield code="o">321.8 ESE 1976</subfield>
    <subfield code="p">RK7100</subfield>
    <subfield code="r">2026-04-14 07:33:03</subfield>
    <subfield code="w">2026-04-14</subfield>
    <subfield code="y">BK</subfield>
  </datafield>
  <datafield tag="999" ind1=" " ind2=" ">
    <subfield code="c">10209</subfield>
    <subfield code="d">10209</subfield>
  </datafield>
</record>
